[Event "Hastings Weekend op-B"]
[Site "Hastings"]
[Date "2024.01.07"]
[Round "5"]
[White "Lataille, Matthias"]
[Black "Taylor, Tobias"]
[Result "1-0"]
[WhiteElo "1784"]
[BlackElo "1832"]
[PlyCount "69"]
[EventDate "2024.01.06"]
[EventType "swiss"]
[EventRounds "5"]
[EventCountry "ENG"]
[SourceTitle "CB02_2024"]
[SourceDate "2024.01.10"]
[SourceVersion "1"]
[SourceVersionDate "2024.01.10"]
[SourceQuality "1"]

1. e4 e5 2. Bc4 Nf6 3. d3 Nc6 4. Nc3 Bc5 5. f4 d6 6. Nf3 Bg4 7. h3 Bxf3 8. Qxf3 Nd4 9. Qd1 c6 10. Bb3 Nxb3 11. axb3 b5 12. Qf3 Nd7 13. f5 a6 14. Bd2 Qb6 15. g4 Bd4 16. Ke2 Nc5 17. Be3 Bxe3 18. Qxe3 Nd7 19. h4 Qxe3+ 20. Kxe3 Nf6 21. g5 Ng4+ 22. Kf3 h5 23. Ra5 0-0 24. Rha1 Rac8 25. Rxa6 b4 26. Ne2 d5 27. Ng3 g6 28. f6 Rfe8 29. R1a4 Re6 30. Rxb4 Nxf6 31. gxf6 Rxf6+ 32. Kg2 Rf4 33. Rba4 Rxh4 34. exd5 cxd5 35. Rxh4 1-0

[Event "Hastings Weekend op-B"]
[Site "Hastings"]
[Date "2024.01.06"]
[Round "1"]
[White "Buckland, Louis"]
[Black "Lataille, Matthias"]
[Result "1-0"]
[WhiteElo "1660"]
[BlackElo "1784"]
[PlyCount "49"]
[EventDate "2024.01.06"]
[EventType "swiss"]
[EventRounds "5"]
[EventCountry "ENG"]
[SourceTitle "CB02_2024"]
[SourceDate "2024.01.10"]
[SourceVersion "1"]
[SourceVersionDate "2024.01.10"]
[SourceQuality "1"]

1. d4 Nf6 2. Bg5 d5 3. Bxf6 exf6 4. e3 Bd6 5. g3 Nd7 6. Bg2 c6 7. Ne2 f5 8. Nd2 Nf6 9. 0-0 h5 10. h4 g5 11. hxg5 Ng4 12. Nf3 Be7 13. c4 Be6 14. cxd5 Bxd5 15. Nc3 Be6 16. e4 fxe4 17. Nxe4 Qc7 18. Nc5 Bd5 19. b4 0-0-0 20. a4 Kb8 21. Re1 Rhg8 22. Qe2 Bxf3 23. Qxe7 Bxg2 24. Kxg2 Rde8 25. Qxe8+ 1-0

[Event "Hastings Weekend op-B"]
[Site "Hastings"]
[Date "2024.01.06"]
[Round "2"]
[White "Lataille, Matthias"]
[Black "Kim, Kunhoo Alexander"]
[Result "0-1"]
[WhiteElo "1784"]
[BlackElo "1398"]
[PlyCount "73"]
[EventDate "2024.01.06"]
[EventType "swiss"]
[EventRounds "5"]
[EventCountry "ENG"]
[SourceTitle "CB02_2024"]
[SourceDate "2024.01.10"]
[SourceVersion "1"]
[SourceVersionDate "2024.01.10"]
[SourceQuality "1"]

1. e4 c5 2. Nc3 Nc6 3. Bb5 Nd4 4. Nf3 a6 5. Bd3 e6 6. 0-0 Nc6 7. Re1 g6 8. b3 Bg7 9. Bb2 Nge7 10. Na4 Bxb2 11. Nxb2 0-0 12. c3 d5 13. Bc2 Qc7 14. exd5 Nxd5 15. Qe2 e5 16. Qc4 Be6 17. Qh4 f6 18. Rad1 Qg7 19. Qc4 Qe7 20. d4 Ne3 21. Qe2 Nxd1 22. Nxd1 cxd4 23. cxd4 Qf7 24. dxe5 fxe5 25. Bd3 Rae8 26. Ng5 Nd4 27. Qxe5 Qf6 28. Nxe6 Qxe5 29. Rxe5 Nxe6 30. Bc4 Kf7 31. Ne3 h5 32. g4 Kf6 33. Rd5 Rd8 34. g5+ Nxg5 35. f4 Nh3+ 36. Kf1 Nxf4 37. Re5 0-1